Zufällige Zahlen in Europäischen Sprachen - Statistiken

Allgemein
  • Dieses Quiz wurde 2.969 mal gespielt
  • Das Durchschnittsergebnis liegt bei 8 aus 20
Antwortstatistiken
Sprache Zahl Zahlwort % Korrekt
Englisch 3 three
97%
Englisch 4 four
94%
Englisch 1 one
94%
Englisch 2 two
94%
Englisch 10 ten
93%
Englisch 11 eleven
92%
Englisch 16 sixteen
92%
Englisch 12 twelve
92%
Englisch 9 nine
91%
Englisch 6 six
91%
Englisch 20 twenty
91%
Englisch 0 zero
91%
Englisch 8 eight
90%
Englisch 5 five
90%
Englisch 19 nineteen
89%
Englisch 26 twenty six
89%
Englisch 14 fourteen
88%
Englisch 7 seven
88%
Englisch 30 thirty
88%
Englisch 21 twenty one
88%
Spanisch 1 uno
88%
Englisch 90 ninety
87%
Englisch 70 seventy
87%
Englisch 39 thirty nine
87%
Englisch 50 fifty
86%
Englisch 17 seventeen
86%
Englisch 13 thirteen
86%
Englisch 31 thirty one
86%
Englisch 28 twenty eight
86%
Englisch 25 twenty five
86%
Italienisch 1 uno
86%
Französisch 1 un
85%
Spanisch 2 dos
84%
Englisch 32 thirty two
84%
Englisch 24 twenty four
84%
Englisch 23 twenty three
84%
Englisch 22 twenty two
84%
Englisch 80 eighty
83%
Englisch 60 sixty
83%
Englisch 38 thirty eight
83%
Italienisch 3 tre
82%
Englisch 29 twenty nine
82%
Englisch 27 twenty seven
82%
Englisch 18 eighteen
81%
Englisch 1.000.000 million
81%
Englisch 36 thirty six
81%
Englisch 15 fifteen
80%
Englisch 42 forty two
79%
Englisch 34 thirty four
78%
Englisch 37 thirty seven
78%
Englisch 45 forty five
77%
Englisch 33 thirty three
77%
Englisch 35 thirty five
76%
Portugiesisch 0 zero
75%
Englisch 49 forty nine
74%
Englisch 100 hundred
74%
Englisch 46 forty six
73%
Italienisch 0 zero
73%
Englisch 40 forty
72%
Englisch 41 forty one
72%
Französisch 0 zéro
72%
Englisch 1.000 thousand
71%
Spanisch 3 tres
71%
Englisch 43 forty three
70%
Englisch 10.000 ten thousand
70%
Französisch 3 trois
70%
Englisch 44 forty four
69%
Französisch 6 six
66%
Italienisch 4 quattro
65%
Englisch 48 forty eight
64%
Spanisch 1.000 mil
63%
Französisch 1.000 mille
63%
Englisch 47 forty seven
62%
Italienisch 2 due
61%
Französisch 7 sept
61%
Französisch 2 deux
59%
Französisch 4 quatre
59%
Französisch 9 neuf
58%
Französisch 17 dix-sept
56%
Französisch 8 huit
55%
Italienisch 1.000 mille
55%
Französisch 5 cinq
54%
Französisch 18 dix-huit
54%
Italienisch 6 sei
54%
Spanisch 5 cinco
53%
Spanisch 8 ocho
53%
Französisch 21 vingt et un
52%
Französisch 100 cent
51%
Englisch 100.000 hundred thousand
51%
Französisch 16 seize
51%
Französisch 10 dix
50%
Französisch 19 dix-neuf
50%
Portugiesisch 3 três
50%
Französisch 27 vingt-sept
50%
Französisch 20 vingt
49%
Französisch 24 vingt-quatre
49%
Spanisch 9 nueve
48%
Französisch 32 trente-deux
48%
Italienisch 5 cinque
47%
Französisch 11 onze
47%
Französisch 45 quarante-cinq
47%
Französisch 12 douze
45%
Französisch 35 trente-cinq
45%
Französisch 22 vingt-deux
44%
Spanisch 6 seis
43%
Französisch 30 trente
43%
Portugiesisch 1.000 mil
42%
Französisch 44 quarante-quatre
42%
Französisch 14 quatorze
42%
Französisch 28 vingt-huit
42%
Französisch 29 vingt-neuf
41%
Spanisch 4 cuatro
40%
Französisch 1.000.000 million
40%
Französisch 40 quarante
40%
Italienisch 7 sette
40%
Spanisch 7 siete
40%
Französisch 13 treize
40%
Französisch 33 trente-trois
40%
Französisch 25 vingt-cinq
40%
Französisch 43 quarante-trois
39%
Französisch 90 quatre-vingt dix
39%
Französisch 31 trente et un
39%
Französisch 34 trente-quatre
39%
Französisch 36 trente-six
39%
Französisch 50 cinquante
38%
Französisch 42 quarante-deux
38%
Französisch 41 quarante et un
38%
Französisch 48 quarante-huit
38%
Französisch 47 quarante-sept
38%
Französisch 26 vingt-six
38%
Französisch 23 vingt-trois
38%
Französisch 39 trente-neuf
37%
Französisch 100.000 cent-mille
36%
Französisch 15 quinze
36%
Französisch 38 trente-huit
36%
Französisch 46 quarante-six
35%
Italienisch 8 otto
34%
Französisch 60 soixante
34%
Spanisch 10 diez
33%
Portugiesisch 4 quatro
33%
Französisch 37 trente-sept
33%
Französisch 10.000 dix-mille
32%
Französisch 49 quarante-neuf
32%
Italienisch 20 venti
32%
Spanisch 40 cuarenta
31%
Italienisch 9 nove
31%
Französisch 70 soixante-dix
30%
Italienisch 100 cento
29%
Spanisch 50 cincuenta
29%
Spanisch 90 noventa
29%
Spanisch 80 ochenta
29%
Spanisch 13 trece
29%
Spanisch 41 cuarenta y uno
28%
Italienisch 10 dieci
28%
Spanisch 70 setenta
28%
Spanisch 20 veinte
28%
Spanisch 11 once
27%
Spanisch 0 cero
26%
Spanisch 33 treinta y tres
26%
Italienisch 22 ventidue
26%
Italienisch 21 ventuno
26%
Spanisch 45 cuarenta y cinco
25%
Spanisch 18 dieciocho
25%
Spanisch 16 dieciséis
25%
Spanisch 12 doce
25%
Italienisch 29 ventinove
25%
Portugiesisch 5 cinco
24%
Spanisch 10.000 diez mil
24%
Portugiesisch 6 seis
24%
Spanisch 100 cien
23%
Spanisch 48 cuarenta y ocho
23%
Portugiesisch 9 nove
23%
Spanisch 39 treinta y nueve
23%
Italienisch 37 trentasette
23%
Spanisch 25 veinticinco
23%
Spanisch 23 veintitrés
23%
Spanisch 30 treinta
22%
Spanisch 32 treinta y dos
22%
Spanisch 22 veintidós
22%
Spanisch 14 catorce
21%
Spanisch 17 diecisiete
21%
Spanisch 15 quince
21%
Spanisch 35 treinta y cinco
21%
Portugiesisch 1 um
21%
Italienisch 11 undici
21%
Italienisch 24 ventiquattro
21%
Italienisch 27 ventisette
21%
Spanisch 47 cuarenta y siete
20%
Spanisch 36 treinta y seis
20%
Italienisch 35 trentacinque
20%
Italienisch 38 trentotto
20%
Spanisch 28 veintiocho
20%
Italienisch 44 quarantaquattro
19%
Italienisch 32 trentadue
19%
Italienisch 39 trentanove
19%
Italienisch 26 ventisei
19%
Italienisch 23 ventitré
19%
Spanisch 42 cuarenta y dos
18%
Spanisch 38 treinta y ocho
18%
Italienisch 30 trenta
18%
Italienisch 36 trentasei
18%
Spanisch 26 veintiséis
18%
Spanisch 27 veintisiete
18%
Spanisch 21 veintiuno
18%
Spanisch 100.000 cien mil
17%
Spanisch 49 cuarenta y nueve
17%
Spanisch 46 cuarenta y seis
17%
Spanisch 31 treinta y uno
17%
Spanisch 29 veintinueve
17%
Spanisch 43 cuarenta y tres
16%
Italienisch 12 dodici
16%
Portugiesisch 11 onze
16%
Italienisch 14 quattordici
16%
Italienisch 33 trentatré
16%
Italienisch 31 trentuno
16%
Spanisch 24 veinticuatro
16%
Spanisch 44 cuarenta y cuatro
15%
Italienisch 90 novanta
15%
Italienisch 47 quarantasette
15%
Italienisch 13 tredici
15%
Spanisch 34 treinta y cuatro
15%
Italienisch 25 venticinque
15%
Italienisch 17 diciassette
14%
Portugiesisch 40 quarenta
14%
Italienisch 16 sedici
14%
Spanisch 60 sesenta
14%
Italienisch 60 sessanta
14%
Portugiesisch 7 sete
14%
Italienisch 28 ventotto
14%
Italienisch 18 diciotto
13%
Italienisch 80 ottanta
13%
Italienisch 40 quaranta
13%
Italienisch 41 quarantuno
13%
Italienisch 15 quindici
13%
Portugiesisch 20 vinte
13%
Italienisch 42 quarantadue
12%
Französisch 80 quatre-vingts
12%
Spanisch 37 treinta y siete
12%
Italienisch 34 trentaquattro
12%
Spanisch 19 diecinueve
11%
Italienisch 49 quarantanove
11%
Italienisch 48 quarantotto
11%
Spanisch 1.000.000 millón
10%
Portugiesisch 90 noventa
10%
Italienisch 46 quarantasei
10%
Portugiesisch 13 treze
10%
Portugiesisch 8 oito
9%
Italienisch 70 settanta
9%
Italienisch 50 cinquanta
8%
Portugiesisch 10 dez
8%
Portugiesisch 12 doze
8%
Portugiesisch 37 trinta e sete
8%
Portugiesisch 18 dezoito
7%
Portugiesisch 2 dois
7%
Italienisch 45 quarantacinque
7%
Portugiesisch 42 quarenta e dois
7%
Portugiesisch 49 quarenta e nove
7%
Portugiesisch 24 vinte e quatro
7%
Portugiesisch 23 vinte e três
7%
Portugiesisch 50 cinquenta
6%
Portugiesisch 41 quarenta e um
6%
Portugiesisch 70 setenta
6%
Portugiesisch 25 vinte e cinco
6%
Italienisch 19 diciannove
5%
Italienisch 43 quarantatré
5%
Portugiesisch 45 quarenta e cinco
5%
Portugiesisch 48 quarenta e oito
5%
Portugiesisch 44 quarenta e quatro
5%
Portugiesisch 36 trinta e seis
5%
Portugiesisch 28 vinte e oito
5%
Portugiesisch 14 catorze
4%
Portugiesisch 100 cem
4%
Italienisch 100.000 centomila
4%
Portugiesisch 46 quarenta e seis
4%
Portugiesisch 15 quinze
4%
Portugiesisch 34 trinta e quatro
4%
Portugiesisch 33 trinta e três
4%
Portugiesisch 26 vinte e seis
4%
Portugiesisch 27 vinte e sete
4%
Portugiesisch 80 oitenta
3%
Portugiesisch 43 quarenta e três
3%
Portugiesisch 60 sessenta
3%
Portugiesisch 35 trinta e cinco
3%
Portugiesisch 32 trinta e dois
3%
Portugiesisch 31 trinta e um
3%
Italienisch 1.000.000 un milione
3%
Portugiesisch 29 vinte e nove
3%
Portugiesisch 21 vinte e um
3%
Italienisch 10.000 diecimila
2%
Portugiesisch 30 trinta
2%
Portugiesisch 38 trinta e oito
2%
Portugiesisch 22 vinte e dois
2%
Portugiesisch 100.000 cem mil
1%
Portugiesisch 19 dezanove
1%
Portugiesisch 16 dezasseis
1%
Portugiesisch 10.000 dez mil
1%
Portugiesisch 39 trinta e nove
1%
Portugiesisch 17 dezassete
0%
Portugiesisch 47 quarenta e sete
0%
Portugiesisch 1.000.000 um milhão
0%
Keine übereinstimmenden Quizze gefunden
Verteilung der Resultate
Anzahl Personen mit jedem Resultat
Perzentil nach korrekt beantworteten Fragen
Ihre Resultats-Entwicklung
Sie haben dieses Quiz noch nicht gespielt